Statistics for 10 Largest Cities in Iceland

Click here to take the quiz!

General Stats

  • This quiz has been taken 59 times
  • The average score is 5 of 10

Answer Stats

PopulationAnswer% Correct
121,822Reykjavík
100%
17,915Akureyri
69%
8,169Keflavík
62%
33,181Kópavogur
46%
6,754Akranes
44%
27,870Hafnarfjörður
44%
11,885Garðabær
38%
6,512Selfoss
31%
9,300Mosfellsbær
27%
4,411Seltjarnarnes
10%

Score Distribution

Percentile by Number Answered

Percent of People with Each Score

Your Score History

You have not taken this quiz